000 00496nam a2200181Ia 4500
005 20250423101254.0
008 250422s9999 xx 000 0 und d
020 _a0043303323
050 _aHF 1411 .K44/
100 _aKenwood, A.G.
245 4 _aThe Growth of the international economy ,1820-1980 : an introductory text
260 _aLondon
260 _bUnwin Hyman
260 _cc1971
300 _a336 p
650 _aInternational Economic Relations. Economic History.
942 _cBK
999 _c35815
_d35815